| 000 | 00933nam a2200265Ia 4500 | ||
|---|---|---|---|
| 008 | 191130s2009##################000#0#eng## | ||
| 020 | _a9780195692051 | ||
| 022 | _a2009346720 | ||
| 040 |
_aACL _cACL |
||
| 082 | _a340.11 AYE | ||
| 245 |
_aJustice for the poor : perspectives on accelerating access _cedited by Ayesha Kadwani Dias and Gita Honwana Welch |
||
| 260 |
_aOxford _bOxford University Press _cc2009 |
||
| 300 | _axxii, 678 p. ; 23 cm | ||
| 500 | _aCopyright: United Nations Development Programme. Includes bibliographical references (p. [639]-676) | ||
| 650 | _aDispute resolution (Law) | ||
| 650 | _aJustice, Administration of | ||
| 650 | _aLaw reform | ||
| 650 | _aLegal assistance to the poor | ||
| 700 | _aDias, Ayesha Kadwani | ||
| 700 | _aWelch, Gita Honwana | ||
| 710 | _aUnited Nations Development Programme | ||
| 990 | _a738090aaac10000c6dc65fbf0cd37280 | ||
| 991 | _a315252 | ||
| 999 |
_c225004 _d225004 |
||